文學台北 街道書寫 : 第四屆台北文學獎得獎作品專集
| 資料類型: | 圖書 | 書目號: | 29487 |
Leader xxxxxxxxxx 001 __ PCLIS00029487 005 __ 20020911145209.09 010 0_ |a957-|b平裝|d贈閱 020 __ |acw|b82005151 100 __ |a20020911d2002 0chib0109 e 101 0_ |achi 102 __ |acw 105 __ |aa z 000yy 200 1_ |a文學台北 街道書寫|e第四屆台北文學獎得獎作品專集|f林黛嫚總編|g 205 __ |a初版 210 __ |a臺北市|c北市文化局|d2002年 215 0_ |a275面|c|d20公分 225 1_ |a|v 681 __ |a855|b 700 __ |a林|b黛嫚|4總編 702 _1 |a|b|4 801 __ |acw|b本館|c20020911 |